Pozícia zemného plynu (vrátane LPG) v procese posilnenia energetickej bezpečnosti EÚ

Analýza energetickej stratégie EÚ a jej vplyv na smerovanie energetickej politiky Slovenskej republiky.

Guardado en:
Detalles Bibliográficos
Autor principal: Ružeková, Viera, 1957-
Formato: Capítulo de libro
Lenguaje:eslovaco
Materias:
Etiquetas: Agregar Etiqueta
Sin Etiquetas, Sea el primero en etiquetar este registro!

MARC

LEADER 00000naa$a2200000$$$4500
001 0249715
005 20240502074009.2
041 0 |a slo 
044 |a SK 
245 1 0 |a Pozícia zemného plynu (vrátane LPG) v procese posilnenia energetickej bezpečnosti EÚ  |c Viera Ružeková 
520 |a Analýza energetickej stratégie EÚ a jej vplyv na smerovanie energetickej politiky Slovenskej republiky. 
610 2 0 |a plyn zemný 
610 2 0 |a energetika 
610 2 0 |a Európska únia 
610 2 0 |a Európsky ekonomický priestor 
610 2 0 |a Slovensko 
610 2 0 |a bezpečnosť energetická 
100 1 |a Ružeková, Viera, 1957-